Countries with two official languages - Statistics

General Stats
  • This quiz has been taken 75 times
  • The average score is 32 of 40
Answer Stats
Languages Country % Correct
Belarusian, Russian Belarus
98%
English, Hindi India
97%
Kyrgyz, Russian Kyrgyzstan
95%
Urdu, English Pakistan
94%
Czech, Slovak Czechia
92%
Finnish, Swedish FInland
92%
English, Irish Ireland
92%
Arabic, Berber (Tamazight) Algeria
90%
Greek, Turkish Cyprus
90%
Arabic, Hebrew Israel
90%
Kazakh, Russian Kazakhstan
90%
Norwegian, Sami Norway
90%
French, Haitian Creole Haiti
89%
Arabic, Berber (Tamazight) Morocco
89%
Pashto, Dari (Farsi, Persian) Afghanistan
87%
English, Swazi Eswatini
87%
Maltese, English Malta
87%
English, Palauan Palau
87%
Malay, English Brunei
86%
Albanian, Serbian Kosovo
86%
Macedonian, Albanian Macedonia
86%
Sinhala, Tamil Sri Lanka
86%
English, Tongan Tonga
86%
English, Nauruan Nauru
84%
Tuvaluan, English Tuvalu
84%
English, Tswana Botswana
83%
Sotho, English Lesotho
83%
French, Malagasy Madagascar
81%
Spanish, Guarani Paraguay
79%
Arabic, French Chad
75%
Spanish, Quecha Ecuador
75%
Arabic, French Tunisia
75%
Portuguese, Tetum East Timor
70%
English, Swahili Uganda
70%
English, French Cameroon
62%
English, French Canada
59%
Arabic, English Sudan
57%
Arabic, French Djibouti
54%
English, Chichewa Malawi
52%
English, French Vanuatu
35%
No matching quizzes found
Score Distribution
Percent of People with Each Score
Percentile by Number Answered
Your Score History
You have not taken this quiz